=LDR 00000nam 2200000 4500 =001 INLIS000000000045282 =005 20150114121134.0 =006 =007 =008 =035 ##$$0010-011500000000108 =082 ##$$a 551.48 =090 ##$$a 551.45 $b air a =100 ##$$a gerry nugraha $t air =245 ##$$a air =260 ##$$a Jakarta $b penerbit azka $c 2008 =300 ##$$a 50 hlm $b ilus $c 23 cm =850 ##$$a NBPMAT =990 ##$$a 0001/BPAP-NTB/20142015